000
00347nam a2200145Ia 4500
008
230718s9999 xx 000 0 und d
041
_a
Eng.
082
_a
346.013
_b
MUH-T
100
_a
Muhammad Ali Malik
245
4
_a
The Punjab ReniedPremise 2011
260
_a
Pakistan
_b
Punjab Law Book
_c
2013
300
_a
48
650
_a
Law
999
_c
29994
_d
29994